000 00353nam a2200157Ia 4500
003 OSt
005 20240105152109.0
008 170524s9999 xx 000 0 und d
020 _a9788120342149
040 _ciimt university meerut
100 _aCHERUNILAM F
100 _c2010
245 0 _aINTERNATIONAL BUSINESS
260 _aPHI
942 _2ddc
_c02
999 _c2618
_d2618